Dokumenty Evropské unie

Postupová správa predsedu reflexnej skupiny pre medzivládnu konferenciu 1996.

Uložené v:
Podrobná bibliografia
Médium: Kapitola
Jazyk:Czech
Predmet:
Tagy: Pridať tag
Žiadne tagy, Buďte prvý, kto otaguje tento záznam!

MARC

LEADER 00000naa a2200000 4500
001 r018360
005 20221208130918.5
041 0 |a cze 
044 |a CZ 
245 1 0 |a Dokumenty Evropské unie 
520 |a Postupová správa predsedu reflexnej skupiny pre medzivládnu konferenciu 1996. 
610 2 0 |a Európska únia 
610 2 0 |a dokumenty